000
00260nam a2200085Ia 4500
008
220204s9999 xx 000 0 und d
245
0
_a
Report of the second seminar on progress and development of rubber smallholders
260
_a
Hat Yai
_b
ANRPC
_c
1976
942
_c
BK
999
_c
43350
_d
43350